000 01532cam a2200361 a 4500
001 12894098
003 EG-ScBUE
005 20220515130149.0
008 020814t2003 nyu f 001 0 eng d
020 _a0764119753
020 _a9780764119750
040 _aDLC
_beng
_erda
_cDLC
_dDLC
_dEG-ScBUE
082 0 4 _a428.2
_222
_bDIA
100 1 _aDiamond, Harriet,
_eauthor.
_93276
245 1 0 _aEnglish the easy way /
_cHarriet Diamond, president, diamond associates, multi-faceted training and consulting, Westfield, New Jersey and Phyllis Dutwin, M.A., president, dutwin associates, training and development programs, Westfield, Rhode Island.
250 _aFourth edition.
264 1 _aHauppauge, NY :
_bBarron's Educational Series, Inc.,
_c[2003]
264 4 _cc2003
300 _avi, 292 pages ;
_c28 cm
336 _2rdacontent
_atext
_btxt
337 _2rdamedia
_aunmediated
_bn
338 _2rdacarrier
_avolume
_bnc
500 _aIncludes index.
650 7 _aEnglish language
_xGrammar
_xProblems, exercises, etc.
_93277
_2BUEsh
650 7 _aEnglish language
_xUsage
_xProblems, exercises, etc.
_93278
_2BUEsh
651 _2BUEsh
653 _bHHUUEENN
_cMay2022
655 _vReading book
_934232
700 1 _aDutwin, Phyllis,
_eauthor.
_93279
856 4 2 _3Publisher description
_uhttp://www.loc.gov/catdir/description/barrons041/2002033215.html
942 _2ddc
_cBB
999 _c11209
_d11209